00340nam a2200133Ia 4500008004100000020001500041041001200056082001600068100002000084245004500104260003300149300000800182650001600190221030s9999 xx 000 0 und d a8187522062 aEnglish a105.23bSah aR. Sahoo ( PR ) 0aC++ Projects ( PR )cby R. Sahoo ( PR ) bKhanna Pub.aNew Delhic1999 a624 aBE Computer